Mapping the galaxy and nearby galaxies (Record no. 16939)

MARC details
000 -LEADER
fixed length control field 01023nam a2200241Ia 4500
003 - CONTROL NUMBER IDENTIFIER
control field IN-BaIIA
008 - FIXED-LENGTH DATA ELEMENTS--GENERAL INFORMATION
fixed length control field 211028s9999 xx 000 0 eng d
020 ## - INTERNATIONAL STANDARD BOOK NUMBER
International Standard Book Number 978-0-387-72767-7
040 ## - CATALOGING SOURCE
Transcribing agency IIA Library
080 ## - UNIVERSAL DECIMAL CLASSIFICATION NUMBER
Universal Decimal Classification number 524.6(082.1)
Item number MAP
111 ## - MAIN ENTRY--MEETING NAME
Meeting name or jurisdiction name as entry element Symposium on Mapping the Galaxy and Nearby Galaxies
Location of meeting Japan
Date of meeting or treaty signing 2006 June 26 -June 30
9 (RLIN) 31700
245 #0 - TITLE STATEMENT
Title Mapping the galaxy and nearby galaxies
Remainder of title proceedings of a symposium on mapping the galaxy and nearby galaxies held in Ishigaki, Japan, 26 June - 30 June, 2006
Statement of responsibility, etc. edited by Keiichi Wada and Francoise Combes
260 ## - PUBLICATION, DISTRIBUTION, ETC.
Place of publication, distribution, etc. New York
Name of publisher, distributor, etc. Springer
Date of publication, distribution, etc. 2008
300 ## - PHYSICAL DESCRIPTION
Extent xviii, 392p.
490 ## - SERIES STATEMENT
Series statement Astrophysics and space science proceedings
650 ## - SUBJECT ADDED ENTRY--TOPICAL TERM
Topical term or geographic name entry element Evolution - congresses
9 (RLIN) 31701
650 ## - SUBJECT ADDED ENTRY--TOPICAL TERM
Topical term or geographic name entry element Galactic astronomy - congresses
9 (RLIN) 31702
650 ## - SUBJECT ADDED ENTRY--TOPICAL TERM
Topical term or geographic name entry element Galaxies - congresses
9 (RLIN) 14448
650 ## - SUBJECT ADDED ENTRY--TOPICAL TERM
Topical term or geographic name entry element Milky way - congresses
9 (RLIN) 20224
700 ## - ADDED ENTRY--PERSONAL NAME
Personal name Combes, Francoise., ed.
9 (RLIN) 31703
700 ## - ADDED ENTRY--PERSONAL NAME
Personal name Wada, Keiichi, ed.
9 (RLIN) 31704
942 ## - ADDED ENTRY ELEMENTS (KOHA)
Koha item type Books
Holdings
Withdrawn status Lost status Damaged status Not for loan Home library Current library Shelving location Date acquired Source of acquisition Cost, normal purchase price Total Checkouts Full call number Barcode Date last seen Cost, replacement price Price effective from Koha item type Purchase Price
        IIA Library-Bangalore IIA Library-Bangalore General Stacks 23/07/2008 VIS 8931.00   524.6(082.1)/ MAP 17861 05/11/2021 8931.00 23/07/2008 Books Rs. 8931.00

Powered by Koha